书目信息 |
| 题名: |
简明德语语音学
|
|
| 作者: | 张天麟 编著 | |
| 分册: | ||
| 出版信息: | 北京 北京出版社 1979 |
|
| 页数: | 191页 | |
| 开本: | 19cm | |
| 丛书名: | ||
| 单 册: | ||
| 中图分类: | H331 | |
| 科图分类: | ||
| 主题词: | 德语-语音学 , 语音学-德语 | |
| 电子资源: | ||
| ISBN: | ||
| 000 | 00644nam0 2200241 45 | |
| 001 | 0179001516 | |
| 005 | 20060820081621.76 | |
| 010 | @dCNY0.50 | |
| 091 | @a9071.37 | |
| 100 | @a19950718d1979 em y0chiy0121 ea | |
| 101 | 0 | @achi@ager |
| 102 | @aCN@b110000 | |
| 105 | @ay z 000yy | |
| 200 | 10 | @a简明德语语音学@Ajian ming de yu yu yin xue@f张天麟编著 |
| 210 | @a北京@c北京出版社@d1979 | |
| 215 | @a191页@d19cm | |
| 517 | 1 | @a德语语音学@Ade yu yu yin xue |
| 606 | @a德语-语音学 | |
| 606 | @a语音学-德语 | |
| 690 | @aH331@v3 | |
| 701 | 0 | @a张天麟@Azhang tian lin@4编著 |
| 801 | 0 | @aCN@bNLC@c20060820 |
| 905 | @f2@b49154-155@dH331@e167 | |
| 简明德语语音学/张天麟编著.-北京:北京出版社,1979 |
| 191页;19cm |
| ISBN :CNY0.50 |
| ● |
| 相关链接 |
|
|
|
|
正题名:简明德语语音学
索取号:H331/167
 
预约/预借
| 序号 | 登录号 | 条形码 | 馆藏地/架位号 | 状态 | 备注 |
| 1 | 0049154 | 001110639 | 第四借阅区/ [索取号:H331/167] | 在馆 | |
| 2 | 0049155 | 001110648 | 第四借阅区/ [索取号:H331/167] | 在馆 | |
| 3 | 0453355 | 204533558 | 密集书库/ [索取号:H331/167] | 在馆 | |
| 4 | 0453356 | 204533567 | 密集书库/ [索取号:H331/167] | 在馆 | |
| 5 | 0453357 | 204533576 | 密集书库/ [索取号:H331/167] | 在馆 | |
| 6 | 0467051 | 204670515 | 密集书库/ [索取号:H331/167] | 在馆 |